000 00728nam a2200205Ii 4500
003 JO-AjNU
008 230605s9999||||xx |||||||||||||| ||und||
040 _aJO-AjNU
_bara
_erda
_cJO-AjNU
041 _aara
050 1 4 _aK1066.H562.1982
100 3 _a الهندي ، عدنان حسن ، جاسر ، محمد عبد الحميد,
_eauthor
_915268
245 0 0 _aنشأة وتطور التشريع المصرفي في الأردن
250 _a(د،ط)
264 3 1 _aعمان : البنك المركزي الاردني ، 1982
300 _a279ص
336 _atext
_btxt
_2rdacontent
337 _aunmediated
_bn
_2rdamedia
338 _avolume
_bnc
_2rdacarrier
650 4 _aقانون البنوك -- الاردن
_915269
999 _aA4271
_c7839
_d7839